“鸡汤”地点数量≥300的地级行政区 Prefectures with ≥300 chicken soup sites - Statistics

General Stats
  • This quiz has been taken 5 times
  • The average score is 23 of 27
Answer Stats
地级行政区 数量 % Correct
上海 1396
100%
北京 1233
100%
重庆 1154
100%
成都 1126
100%
徐州 1047
100%
深圳 992
100%
广州 965
100%
苏州 811
100%
南京 688
100%
郑州 630
100%
合肥 607
100%
青岛 322
100%
济南 317
100%
昆明 314
100%
西安 1405
80%
武汉 798
80%
天津 681
80%
商丘 479
80%
临沂 471
80%
杭州 456
80%
济宁 437
80%
无锡 429
80%
常州 320
80%
菏泽 617
60%
枣庄 339
60%
长春 332
60%
阜阳 327
40%
No matching quizzes found
Score Distribution
Percent of People with Each Score
Percentile by Number Answered
Your Score History
You have not taken this quiz